MANAGING ORGANIZATIONAL CHANGE A PRACTIC (Record no. 27418)

MARC details
000 -LEADER
fixed length control field 00351nam a2200133Ia 4500
008 - FIXED-LENGTH DATA ELEMENTS--GENERAL INFORMATION
fixed length control field 240624s9999 xx 000 0 und d
041 ## - LANGUAGE CODE
Language code of text/sound track or separate title eng
082 ## - DEWEY DECIMAL CLASSIFICATION NUMBER
Classification number 658.406 CAM
100 ## - MAIN ENTRY--PERSONAL NAME
Personal name CAMPBELL HELEN
245 ## - TITLE STATEMENT
Title MANAGING ORGANIZATIONAL CHANGE A PRACTIC
260 ## - PUBLICATION, DISTRIBUTION, ETC.
Date of publication, distribution, etc. 2014
Place of publication, distribution, etc. London
Name of publisher, distributor, etc. Kogan Page
300 ## - PHYSICAL DESCRIPTION
Extent ix, : 291 : p. : cm. ; 23
365 ## - TRADE PRICE
Currency code GBP
Price amount 30
Holdings
Withdrawn status Lost status Damaged status Not for loan Home library Current library Shelving location Date acquired Source of acquisition Cost, normal purchase price Full call number Barcode Date last seen Copy number Price effective from Koha item type
        IMTN IMTN Rack 31-A 05/02/2016 AP 24.99 658.406 CAM 27418 06/24/2024 100.9 06/24/2024 Books
Designed & Maintained by: LRC IMT Nagpur Contact: lrc@imtnag.ac.in© 2024. All Rights Reserved.